| 000 | 00000nam##2200000za#4500 |
| 001 | 9.587654 |
| 003 | CaOODSP |
| 005 | 20210624194734 |
| 007 | cr ||||||||||| |
| 008 | 150406|2008||||xxc|||||o f|0| 0 fre|d |
| 022 | |a1701-1280 |
| 040 | |aCaOODSP|bfre |
| 041 | |aeng |
| 041 | |afre |
| 043 | |an-cn--- |
| 086 | 1 |aFs70-4/2008-031-PDF |
| 110 | 1 |aCanada. |bMinistère des pêches et des océans. |
| 245 | 10|aCompte rendu de l'atelier sur l'approche de précaution pour les stocks et pêcheries canadiens de crevette : |h[ressource électronique]|bles 26 et 27 novembre 2008, Ottawa, Ontario / |cG. Chouinard et B. Rashotte, coprésidents ; J. Landry, éditeur. |
| 260 | |aOttawa - Ontario : |bPêches et Océans Canada |cJuin 2009. |
| 300 | |a168p.|bgraphiques, cartes (certaines en couleur), références, tableaux |
| 490 | 1 |aSecrétariat canadien de consultation scientifique, série des comptes rendus|x1701-1280|v2008/031 |
| 590 | |a11-31-Supp|b2011-12-13 |
| 720 | 1 |aChouinard, Ghislain |
| 720 | 1 |aRashotte, B |
| 720 | 1 |aLandry, J. |
| 791 | |tProceedings of the precautionary approach workshop on Canadian shrimp and prawn stocks and fisheries : |eeng|w(CaOODSP)9.587653 |
| 830 | #0|aCompte rendu (Secrétariat canadien de consultation scientifique)|x1701-1280|v2008/031|w(CaOODSP)9.500508 |
| 856 | 40|ahttp://publications.gc.ca|qPDF|s3.02 Mo|uhttps://publications.gc.ca/collections/collection_2011/mpo-dfo/Fs70-4-2008-031.pdf|y2008/031 |